000
00336nam a22001577a 4500
003
SGT
020
_a
978-81-239-2311-6
082
_a
615
_b
M15U
100
_a
UDAYKUMAR, PADMAJA
245
_a
MEDICAL PHARMACOLOGY
250
_a
4TH
260
_a
INDIA
_b
CBS
_c
2015
300
_a
668
650
_a
PHARMACOLOGY
942
_2
ddc
_c
BK
_0
249
999
_c
10548
_d
10548